000 00823nam a2200193 i 4500
001 39588
003 ES-MaACL
005 20260127062526.0
007 t|
008 030303s1893 sp ||||1| spa d
100 1 _aCanalejas, José,
_d1854-1912
_934382
245 1 0 _aDiscurso leído por el presidente .... José Canalejas y Méndez en la sesión inaugural del curso de 1893 a 94 celebrada el 13 de noviembre de 1893 [en la Real Academia de Jurisprudencia y Legislación].
260 _aMadrid :
_b[s.n.],
_c1893 (
_fTip. de los Hijos de M. G. Hernández)
300 _a83 p. ;
_c25 cm.
594 _aPrecede al tít.: Real Academia de Jurisprudencia y Legislación.
700 _aReal Academia de Jurisprudencia y Legislación de España
_9217612
852 _aES-MaACL
_jT-689-F-10
999 _c39588
_d39588